000 00300nam a22001217a 4500
020 _a99876940329
082 _a330 MUT
100 _aMutasa, F . L.
_93746
245 _aPrinciple of Economics
260 _c2003
_aDar es salaam
_bTanzania institute of Bankers
650 _aEconomics
_9895
942 _cBK
999 _c14083
_d14083